| 000 | 00455nam a22001577a 4500 | ||
|---|---|---|---|
| 003 | NUST | ||
| 005 | 20260123144856.0 | ||
| 008 | 260123b ||||| |||| 00| 0 eng d | ||
| 082 | _a551.31 | ||
| 100 |
_aSpilhaus Jr, A. F. _9132886 |
||
| 245 |
_aAGU 1998 Fall Meeting / _bAmerican Geophysical Union / _cSpilhaus Jr, A. F. |
||
| 260 |
_aFlorida: _bAmerican Geophysical Union, _c1998. |
||
| 300 |
_a1085 p ; _c28 cm |
||
| 563 | _aPaperback | ||
| 942 |
_2ddc _cBK |
||
| 999 |
_c615904 _d615904 |
||